Physical examination and health assessment. / (Record no. 8004)
[ view plain ]
| 000 -LEADER | |
|---|---|
| fixed length control field | 01611nam a22002177a 4500 |
| 003 - CONTROL NUMBER IDENTIFIER | |
| control field | OSt |
| 005 - DATE AND TIME OF LATEST TRANSACTION | |
| control field | 20211117153658.0 |
| 008 - FIXED-LENGTH DATA ELEMENTS--GENERAL INFORMATION | |
| fixed length control field | 180208b xxu||||| |||| 00| 0 eng d |
| 020 ## - INTERNATIONAL STANDARD BOOK NUMBER | |
| International Standard Book Number | 9781437701517 |
| 040 ## - CATALOGING SOURCE | |
| Transcribing agency | LC |
| 050 ## - LIBRARY OF CONGRESS CALL NUMBER | |
| Classification number | RC76.J37 |
| 100 ## - MAIN ENTRY--PERSONAL NAME | |
| Fuller form of name | Jarvis, Carolyn |
| 245 ## - TITLE STATEMENT | |
| Title | Physical examination and health assessment. / |
| Statement of responsibility, etc. | Carolyn Jarvis |
| 250 ## - EDITION STATEMENT | |
| Edition statement | 6th ed. |
| 260 ## - PUBLICATION, DISTRIBUTION, ETC. | |
| Place of publication, distribution, etc. | St Louis, Missouri: |
| Name of publisher, distributor, etc. | Elsevier/Saunders, |
| Date of publication, distribution, etc. | 2012. |
| 300 ## - PHYSICAL DESCRIPTION | |
| Extent | 1 vol.: |
| Other physical details | ills.; |
| 500 ## - GENERAL NOTE | |
| General note | Includes index. |
| 505 ## - FORMATTED CONTENTS NOTE | |
| Formatted contents note | Contents: Assessment of the whole person: Evidence-based assessment -- Cultural competence -- The interviews -- The complete health history -- Mental status assessment -- Substance assessment -- Domestic violence assessment -- 2. Approach to the clinical setting: Assessment techniques and the clinical setting -- General survey, measurement, vital sign, -- Nutritional assessment -- 3. Physical examination: Skin, hair and nails -- Head, face and neck, including regional lymphatics, -- Eyes -- Ears -- Nose, mouth and throat -- Breasts and regional lymphatics -- Thorax and lungs -- Heart and neck vessels -- Peripheral vascular system and lymphatic system -- Abdomen -- Musculoskeletal system -- Neurologic system -- Male genitourinary system -- Anus, rectum and prostate -- Female genitourinary system -- 4. Integration of the health system: The complete health assessment: putting it all together, -- Bedside assessment of the hospitalized adult -- The pregnant woman -- Functional assessment of the older adult -- |
| 653 ## - INDEX TERM--UNCONTROLLED | |
| Uncontrolled term | Physical diagnosis. |
| -- | Evidence-based medicine. |
| 942 ## - ADDED ENTRY ELEMENTS (KOHA) | |
| Source of classification or shelving scheme | Library of Congress Classification |
| Koha item type | Books |
| Withdrawn status | Lost status | Source of classification or shelving scheme | Damaged status | Not for loan | Home library | Current library | Shelving location | Date acquired | Total Checkouts | Full call number | Barcode | Date last seen | Price effective from | Koha item type |
|---|---|---|---|---|---|---|---|---|---|---|---|---|---|---|
| Library of Congress Classification | WISCONSIN INTERNATIONAL UNIVERSITY COLLEGE, GHANA KUMASI LIBRARY | WISCONSIN INTERNATIONAL UNIVERSITY COLLEGE, GHANA KUMASI LIBRARY | nursing | 16/08/2019 | RC76.J37(6e) | KSN/505/19 | 16/11/2021 | 16/11/2021 | Books | |||||
| Library of Congress Classification | WISCONSIN INTERNATIONAL UNIVERSITY COLLEGE, GHANA KUMASI LIBRARY | WISCONSIN INTERNATIONAL UNIVERSITY COLLEGE, GHANA KUMASI LIBRARY | nursing | 26/11/2019 | RC76.J371(6e) | KSN/808/808/19 | 19/09/2022 | 16/11/2021 | Books |
